| Поле | Инд. | ПП | Название | Значение |
|---|---|---|---|---|
| Тип записи | a | |||
| Библиографический уровень | m | |||
| 001 | _ | Контрольный номер | RU/URAIT/463191 | |
| 005 | _ | Дата корректировки | 20250915104111.1 | |
| 008 | Кодируемые данные | 210531s2021 RU y f j 000 0 rus u | ||
| 020 | a | ISBN | 978-5-534-13505-3 | |
| c | Цена, тираж | 549.00 | ||
| 040 | a | Служба первич. каталог. | ИКО Юрайт | |
| c | Служба, преобразующая запись | ИКО Юрайт | ||
| e | Правила каталог. | RCR | ||
| 041 | a | Код языка текста | rus | |
| 044 | a | Код страны публикации | RU | |
| 080 | a | Индекс УДК | 33(075.8) | |
| 084 | 2 | Источник индекса | rubbk | |
| a | Индекс другой классификации/Индекс ББК | 65я73 | ||
| 100 | 1_ | a | Автор | Лихолетов Валерий Владимирович |
| q | Полное имя | Валерий Владимирович | ||
| 245 | a | Заглавие | Стратегические аспекты экономической безопасности | |
| b | Продолж. заглавия | Учебное пособие для вузов | ||
| c | Ответственность | Лихолетов В. В. | ||
| 250 | a | Основные сведения об издании | 2-е изд. | |
| 256 | a | Характеристики компьютерного файла | Электрон. дан. | |
| 260 | a | Место издания | Москва | |
| b | Издательство | Юрайт | ||
| c | Дата издания | 2021 | ||
| 300 | a | Объем | 201 с | |
| 440 | a | Серия | Высшее образование | |
| 500 | a | Примечание | URL: https://urait.ru/bcode/463191 (дата обращения: 23.11.2021). | |
| 520 | a | Аннотация | В пособии рассмотрена система документов, связанных со стратегическими аспектами обеспечения экономической безопасности страны. Приводятся основные понятия обеспечения экономической безопасности на всех уровнях от личности и хозяйствующих субъектов (предприятий) до общества и государства. Обосновывается необходимость проведения системного анализа массива вызовов, рисков и угроз с помощью современных инструментов для выявления ключевых угроз, без учета которых трудно реализовать стратегическое планирование в сфере обеспечения экономической безопасности на федеральном, региональном и муниципальном уровнях. Использованы результаты исследований, выполненных ведущими отечественными и зарубежными учеными и практиками в области экономической безопасности, а также результаты собственных разработок. Соответствует актуальным требованиям федерального государственного образовательного стандарта высшего образования. Учебное пособие предназначено для студентов специальности 38.05.01 «Экономическая безопасность» всех форм обучения, изучающих дисциплину «Стратегические аспекты экономической безопасности». Приведена необходимая для изучения литература [1 63]. Пособие может быть полезно специалистам предприятий и организаций, занятых вопросами обеспечения их экономической безопасности. | |
| 538 | a | Прим. о системных особенностях | Режим доступа: Электронно-библиотечная система Юрайт, для авториз. пользователей | |
| 653 | a | Ключевые слова | Экономика | |
| 653 | a | Ключевые слова | Экономика и управление | |
| 653 | a | Ключевые слова | Стратегические аспекты экономической безопасности | |
| 856 | 40 | u | URL | https://urait.ru/bcode/463191 |
| x | Примечание для ЭОР | https://urait.ru/book/cover/43B92239-ACD9-4844-8D17-D946D5E44EC4 | ||
| z | Примечание для пользователя | Участвует в КО | ||
| 856 | 41 | u | URL | https://urait.ru/book/cover/43B92239-ACD9-4844-8D17-D946D5E44EC4 |